Espai natural de les Guilleries - Savassona [Enregistrament de vídeo]
Descripción Física:
1 videocasset (VHS)
MARC
| LEADER | 00000nam a2200000Ia 4500 | ||
|---|---|---|---|
| 001 | 19688 | ||
| 008 | 160829s2000 xx 000 0 cat d | ||
| 080 | |a VID-6 | ||
| 245 | |a Espai natural de les Guilleries - Savassona [Enregistrament de vídeo] | ||
| 260 | |a [s.l.] : |b l'Anella Verda : |b Barcelona. Diputació. Àrea d'Espais Naturals, |c 2000 | ||
| 300 | |a 1 videocasset (VHS) | ||
| 610 | 1 | 0 | |a Espai Natural de les Guilleries-Savassona (Catalunya) |9 52664 |
| 650 | |a Paisatge - Guilleries |9 43176 | ||
| 650 | |a Paisatge - Savassona I |9 43177 | ||
| 651 | 0 | |a Guilleries (Catalunya : Massís) |9 51047 | |
| 710 | |a Barcelona (Catalunya : Província). |b Àrea d'Espais Naturals |9 9050 | ||
| 901 | |a Arxiu | ||
| 942 | |n 1 |2 udc |c ARXIU | ||
| 952 | |0 0 |1 0 |4 0 |6 VID6 |7 1 |9 51256 |a Arxiu |b Arxiu |d 2016-12-01 |l 0 |o VID-6 |p 19688 |r 2016-12-01 00:00:00 |w 2016-12-01 |y ARXIU | ||
| 999 | |c 55099 |d 55099 | ||